书目信息 |
| 题名: |
新概念英语2单词MP3循环听
|
|
| 作者: | 宋德伟 主编 | |
| 分册: | ||
| 出版信息: | 北京 中国水利水电出版社 2009 |
|
| 页数: | 302页 | |
| 开本: | 21cm | |
| 丛书名: | 新概念英语(新版)自学辅导丛书 | |
| 单 册: | ||
| 中图分类: | H313.1 | |
| 科图分类: | ||
| 主题词: | 英语--词汇--记忆术--自学参考资料 | |
| 电子资源: | ||
| ISBN: | 978-7-5084-6155-7 | |
| 000 | 01083nam0 2200253 450 | |
| 001 | 1238177386 | |
| 005 | 20120214103827.73 | |
| 010 | @a978-7-5084-6155-7@dCNY29.80 | |
| 100 | @a20090424d2009 em y0chiy0110 ea | |
| 101 | 0 | @achi@aeng |
| 102 | @aCN@b110000 | |
| 105 | @ay z 000yy | |
| 200 | 1 | @a新概念英语2单词MP3循环听@9xin gai nian ying yu 2 dan ci MP3 xun huan ting@f宋德伟等编著 |
| 210 | @a北京@c中国水利水电出版社@d2009 | |
| 215 | @a302页@d21cm@e1光盘 | |
| 225 | 2 | @a新概念英语(新版)自学辅导丛书 |
| 307 | @a附光盘:ISRC CN-M15-08-0066-0 ISBN 978-7-88714-247-4 | |
| 330 | @a本书是专门为《新概念英语2》的学习者记忆课后生词而编写的。书中同步精选了原教材中的1152个单词及短语,分为12个循环记忆单元,每个单元96个词汇。作者根据循环速记理论,把这96个单词按照循环复习的规律编排好了先后次序。同时,作者还将英语单词的记忆和时尚的MP3巧妙融合起来,设计了新颖独特的“MP3循环听”模式。 | |
| 606 | 0 | @a英语@x词汇@x记忆术@j自学参考资料 |
| 690 | @aH313.1@v4 | |
| 701 | 0 | @a宋德伟@9song de wei@4主编 |
| 801 | 0 | @aCN@bSG02@c20090424 |
| 801 | 2 | @aCN@bSG02@c20090424 |
| 905 | @aZUCC@dH313.1@eS7680 | |
| 新概念英语2单词MP3循环听/宋德伟等编著.-北京:中国水利水电出版社,2009 |
| 302页;21cm+1光盘.-(新概念英语(新版)自学辅导丛书) |
| ISBN 978-7-5084-6155-7:CNY29.80 |
| 本书是专门为《新概念英语2》的学习者记忆课后生词而编写的。书中同步精选了原教材中的1152个单词及短语,分为12个循环记忆单元,每个单元96个词汇。作者根据循环速记理论,把这96个单词按照循环复习的规律编排好了先后次序。同时,作者还将英语单词的记忆和时尚的MP3巧妙融合起来,设计了新颖独特的“MP3循环听”模式。 |
| ● |
| 相关链接 |
|
|
|
正题名:新概念英语2单词MP3循环听
索取号:H313.1/S7680
 
预约/预借
| 序号 | 登录号 | 条形码 | 馆藏地/架位号 | 状态 | 备注 |
| 1 | 482642 | 204826420 | 语言库209/209语言库 3排2列4层/ [索取号:H313.1/S7680] | 在馆 | |
| 2 | 482643 | 204826439 | 语言库209/209语言库 3排2列4层/ [索取号:H313.1/S7680] | 在馆 | |
| 3 | 482644 | 204826448 | 语言库209/209语言库 3排2列4层/ [索取号:H313.1/S7680] | 在馆 |